Länder mit den meisten UNESCO-Welterbestätten - Statistiken

Allgemein
  • Dieses Quiz wurde 136 mal gespielt
  • Das Durchschnittsergebnis liegt bei 23 aus 30
Antwortstatistiken
Welterbestätten zugehöriges Land % Korrekt
44 Deutschland
99%
55 Italien
98%
44 Frankreich
95%
28 Russland
95%
48 Spanien
95%
23 Vereinigte Staaten
95%
55 China
94%
35 Mexiko
94%
22 Japan
92%
21 Brasilien
90%
19 Australien
86%
37 Indien
86%
19 Kanada
86%
31 Vereinigtes Königreich
86%
18 Griechenland
85%
15 Polen
84%
18 Türkei
83%
15 Portugal
77%
15 Schweden
74%
11 Argentinien
72%
12 Peru
72%
12 Schweiz
72%
23 Iran
70%
10 Niederlande
70%
13 Belgien
61%
12 Tschechien
58%
13 Südkorea
55%
10 Dänemark
50%
10 Kroatien
41%
10 Bulgarien
24%
Keine übereinstimmenden Quizze gefunden
Verteilung der Resultate
Anzahl Personen mit jedem Resultat
Perzentil nach korrekt beantworteten Fragen
Ihre Resultats-Entwicklung
Sie haben dieses Quiz noch nicht gespielt